| 000 | 00830nam a2200229 u 4500 | ||
|---|---|---|---|
| 005 | 20210223131921.0 | ||
| 008 | 121109s2009 r 000 0 eng d | ||
| 020 | _a9786077582274 | ||
| 035 | _aUPN01000188296 | ||
| 049 | _aC | ||
| 050 | 4 |
_aKGF7635 A2 _bA4 2009 |
|
| 110 | 1 |
_aMéxico. _k[Leyes, decretos, etc.] |
|
| 245 | 1 | 0 | _aLey de Transparencia y Acceso a la información Pública del Distrito Federal / |
| 260 |
_aMéxico : _bIEDF, _c2009. |
||
| 300 | _a111 p. | ||
| 440 | 0 | _aLegal | |
| 500 | _aIncluye: Ley de Protección de Datos Personales para el Distrito Federal y Reglamento del Instituto Electoral del Distrito Federal en Materia de Transparencia y Acceso a la Información Pública | ||
| 650 | 4 |
_aDERECHO PUBLICO _924575 |
|
| 650 | 4 |
_aLIBERTAD DE INFORMACION _919949 |
|
| 905 | _aLibro | ||
| 999 |
_c160399 _d160399 |
||